Central Library OPAC University of Rajshahi

Bangladesh District Gazetteers Mymensingh / (Record no. 59838)

MARC details
000 -LEADER
fixed length control field 00929nam a2200229 a 4500
001 - CONTROL NUMBER
control field 59838
003 - CONTROL NUMBER IDENTIFIER
rucl marc code BD-RjUL
005 - DATE AND TIME OF LATEST TRANSACTION
control field 20211209080756.0
008 - FIXED-LENGTH DATA ELEMENTS--GENERAL INFORMATION
fixed length control field 161227s1978 bg a|||| |||| 001 0deng d
035 ## - SYSTEM CONTROL NUMBER
System control number (BD-RjUL)59962
040 ## - CATALOGING SOURCE
Original cataloging agency BD-RjUL
Language of cataloging eng
Transcribing agency BD-RjUL
041 ## - LANGUAGE CODE
Language code of text/sound track or separate title eng
082 ## - DEWEY DECIMAL CLASSIFICATION NUMBER
Edition number 23
Classification number 910.3
Author mark and year MYM 1978
110 ## - MAIN ENTRY--CORPORATE NAME
Corporate name or jurisdiction name as entry element Bangladesh
Subordinate unit Cabinet Secretariat Establishment Division.
9 (RLIN) 177747
245 10 - TITLE STATEMENT
Title Bangladesh District Gazetteers Mymensingh /
Remainder of title Bangladesh. Cabinet Secretariat Establishment Division ; General Editor Nurul Islam Khan
260 ## - PUBLICATION, DISTRIBUTION, ETC. (IMPRINT)
Place of publication, distribution, etc. Dacca :
Name of publisher, distributor, etc. Bangladesh Government Press,
Date of publication, distribution, etc. 1978.
300 ## - PHYSICAL DESCRIPTION
Pagination ix,401p. :
Illustrations ill. ;
Size 25cm.
504 ## - BIBLIOGRAPHY, ETC. NOTE
Bibliography, etc Includes Bibliographical References and Index
650 ## - SUBJECT ADDED ENTRY--TOPICAL TERM
Topical term or geographic name as entry element Bangladesh
Form subdivision Gazetteers
Geographic subdivision Mymensingh
9 (RLIN) 178067
700 ## - ADDED ENTRY--PERSONAL NAME
Personal name Khan, Nurul Islam.
942 ## - ADDED ENTRY ELEMENTS (KOHA)
Source of classification or shelving scheme Dewey Decimal Classification
Koha item type Rare Books
Holdings
Lost status Source of classification or shelving scheme Damaged status Not for loan Collection code Permanent Location Current Location Shelving location Date acquired Source of acquisition Cost, normal purchase price Total Checkouts Full call number Date last seen Copy number Koha item type
  Dewey Decimal Classification   Not For Loan Rare Books Central Library, University of Rajshahi Central Library, University of Rajshahi Rare Book Section 14/03/1982 Dhaka, Book Centre 40.00   RA 910.3 MYM 1978 27/12/2016 C-1 Rare Books
  Dewey Decimal Classification   Not For Loan Rare Books Central Library, University of Rajshahi Central Library, University of Rajshahi Rare Book Section 14/03/1982 Dhaka, Book Centre 40.00   RA 910.3 MYM 1978 27/12/2016 C-2 Rare Books